Organic chemistry / (Record no. 18461)

MARC details
000 -LEADER
fixed length control field 01174nam a2200325 i 4500
003 - CONTROL NUMBER IDENTIFIER
control field EG-ScBUE
005 - DATE AND TIME OF LATEST TRANSACTION
control field 20250804095445.0
008 - FIXED-LENGTH DATA ELEMENTS--GENERAL INFORMATION
fixed length control field 141016t2014 njua f d 001 0 eng d
020 ## - INTERNATIONAL STANDARD BOOK NUMBER
International Standard Book Number 9781118323793
040 ## - CATALOGING SOURCE
Original cataloging agency EG-ScBUE
Language of cataloging eng
Description conventions rda
Transcribing agency EG-ScBUE
Modifying agency EG-ScBUE
082 04 - DEWEY DECIMAL CLASSIFICATION NUMBER
Edition number 22
Classification number 547
Item number SOL
100 1# - MAIN ENTRY--PERSONAL NAME
Personal name Solomons, T. W. Graham,
Relator term author.
9 (RLIN) 26105
245 10 - TITLE STATEMENT
Title Organic chemistry /
Statement of responsibility, etc T. W. Graham Solomons, University of South Florida, Craig B. Fryhle, Pacific Lutheran University, Scott A. Snyder, Columbia University.
250 ## - EDITION STATEMENT
Edition statement Eleventh edition.
250 ## - EDITION STATEMENT
Edition statement International student version.
264 #1 - PUBLICATION, DISTRIBUTION, ETC. (IMPRINT)
Place of publication, distribution, etc New Jersey :
Name of publisher, distributor, etc John Wiley & Sons,
Date of publication, distribution, etc [2014]
264 #4 - PUBLICATION, DISTRIBUTION, ETC. (IMPRINT)
Date of publication, distribution, etc c2014
300 ## - PHYSICAL DESCRIPTION
Extent 1 volume (various pagings) :
Other physical details color illustrations ;
Dimensions 28 cm
336 ## - CONTENT TYPE
Source rdacontent
Content type term text
Content type code txt
337 ## - MEDIA TYPE
Media type term unmediated
Source rdamedia
Media type code n
338 ## - CARRIER TYPE
Carrier type term volume
Carrier type code nc
Source rdacarrier
500 ## - GENERAL NOTE
General note Includes glossary.
500 ## - GENERAL NOTE
General note Includes index.
650 #7 - SUBJECT ADDED ENTRY--TOPICAL TERM
9 (RLIN) 6234
Topical term or geographic name as entry element Chemistry, Organic.
Source of heading or term BUEsh
653 ## - INDEX TERM--UNCONTROLLED
Resource For college Engineering, Chemical
Arrived date list October2014
655 ## - INDEX TERM--GENRE/FORM
Form subdivision Reading book
9 (RLIN) 33728
700 1# - ADDED ENTRY--PERSONAL NAME
Personal name Fryhle, Craig B.,
Relator term author.
9 (RLIN) 26107
700 1# - ADDED ENTRY--PERSONAL NAME
Personal name Snyder, S. A.
9 (RLIN) 36233
Fuller form of name (Scott A.)
Relator term author.
942 ## - ADDED ENTRY ELEMENTS (KOHA)
Source of classification or shelving scheme Dewey Decimal Classification
Koha item type Book - Borrowing
Holdings
Withdrawn status Lost status Source of classification or shelving scheme Damaged status Not for loan Collection code Home library Current library Shelving location Date acquired Source of acquisition Cost, normal purchase price Total Checkouts Full call number Barcode Date last seen Cost, replacement price Koha item type Total Renewals Date checked out
    Dewey Decimal Classification     Baccah Central Library Central Library First floor 16/10/2014   360.00   547 SOL 000036694 15/07/2025 450.00 NB - Book (Non borrowing)    
    Dewey Decimal Classification     Baccah Central Library Central Library First floor 16/10/2014   360.00 5 547 SOL 000036696 15/07/2025 450.00 Book - Borrowing 7 22/01/2019
    Dewey Decimal Classification     Baccah Central Library Central Library First floor 16/10/2014   360.00 4 547 SOL 000036697 15/07/2025 450.00 Book - Borrowing 8 19/03/2023